Lineas de acción de la Junta de Gobierno de Chile

Αποθηκεύτηκε σε:
Λεπτομέρειες βιβλιογραφικής εγγραφής
Μορφή: Βιβλίο
Γλώσσα:Ισπανικά
Έκδοση: Santiago Editora Nacional Gabriela Mistral 1973
Θέματα:
Ετικέτες: Προσθήκη ετικέτας
Δεν υπάρχουν, Καταχωρήστε ετικέτα πρώτοι!

MARC

LEADER 00000nam a2200000 a 4500
001 UCY0732
003 CL-VaPUC
008 940811e19730000CL |||||||||||||||||spa|d
082 0 4 |a 321.9  |b LIN  |2 21 
245 1 0 |a Lineas de acción de la Junta de Gobierno de Chile 
300 |a 45 p 
942 |c BK 
945 |d 19940811 00:00:00  |a rbrito 
260 |a Santiago  |b Editora Nacional Gabriela Mistral  |c 1973 
650 7 |a GOBIERNO MILITAR 1973-1989  |2 CL-VaPUC  |9 328544 
651 7 |a CHILE  |2 CL-VaPUC  |9 328545 
583 |a last modification  |c 19940811 00:00:00  |k Rodrigo Vera 
999 |c 229658  |d 229656 
952 |0 0  |1 0  |4 0  |6 321_900000000000000_LIN_1973  |7 0  |8 A  |9 231072  |a BIBEDU  |b BIBEDU  |d 2019-11-15  |i 3001539  |o 321.9 LIN 1973  |p 3001539  |r 2019-11-15  |w 2019-11-15  |y BK  |k EDU